书目信息 |
| 题名: |
清代理藩制度研究
|
|
| 作者: | 赵云田, 著 | |
| 分册: | ||
| 出版信息: | 北京 社会科学文献出版社 2021.06 |
|
| 页数: | 635页 | |
| 开本: | 24cm | |
| 丛书名: | 中国社会科学院老年学者文库 | |
| 单 册: | ||
| 中图分类: | D691.72 | |
| 科图分类: | ||
| 主题词: | 理藩院--li fan yuan--中国--清代--史料 | |
| 电子资源: | ||
| ISBN: | 978-7-5201-7960-7 | |
| 000 | 01148nam 2200289 450 | |
| 001 | 202021192374 | |
| 005 | 20211025120131.0 | |
| 010 | @a978-7-5201-7960-7@dCNY168.00 | |
| 100 | @a20210922d2021 em y0chiy50 ea | |
| 101 | 0 | @achi |
| 102 | @aCN@b110000 | |
| 105 | @aa a 000yy | |
| 106 | @ar | |
| 200 | 1 | @a清代理藩制度研究@Aqing dai li fan zhi du yan jiu@f赵云田著 |
| 210 | @a北京@c社会科学文献出版社@d2021.06 | |
| 215 | @a635页@c图@d24cm | |
| 225 | 2 | @a中国社会科学院老年学者文库@Azhong guo she hui ke xue yuan lao nian xue zhe wen ku |
| 300 | @a中国社会科学院老年科研基金资助 | |
| 314 | @a赵云田, 笔名鲁波, 中国社会科学院近代史所研究员。 | |
| 320 | @a有书目 (第589-609页) | |
| 330 | @a本书是作者毕生研究清代理藩制度的集大成之作。书中全面论述了清代藩部的形成, 理藩的机构, 藩部的政治、经济、法律、社会、交通、联姻等制度, 评价了清代理藩制度的历史影响和局限性, 并附有清代理藩大事记。 | |
| 410 | 0 | @12001 @a中国社会科学院老年学者文库 |
| 606 | 0 | @a理藩院@Ali fan yuan@y中国@z清代@x史料 |
| 690 | @aD691.72@v5 | |
| 701 | 0 | @a赵云田,@Azhao yun tian@f1943-@4著 |
| 801 | 0 | @aCN@c20210909 |
| 905 | @a河南城建学院图书馆@dD691.72@eZ346 | |
| 清代理藩制度研究/赵云田著.-北京:社会科学文献出版社,2021.06 |
| 635页:图;24cm.-(中国社会科学院老年学者文库) |
| 中国社会科学院老年科研基金资助 |
| ISBN 978-7-5201-7960-7:CNY168.00 |
| 本书是作者毕生研究清代理藩制度的集大成之作。书中全面论述了清代藩部的形成, 理藩的机构, 藩部的政治、经济、法律、社会、交通、联姻等制度, 评价了清代理藩制度的历史影响和局限性, 并附有清代理藩大事记。 |
| ● |
| 相关链接 |
|
|
|
正题名:清代理藩制度研究
索取号:D691.72/Z346
 
预约/预借
| 序号 | 登录号 | 条形码 | 馆藏地/架位号 | 状态 | 备注 |
| 1 | 1541194 | 215411944 | 社科库509/509社科库 77排6列2层/ [索取号:D691.72/Z346] | 在馆 |